Možnosti využitia prezentačného programu MS Power Point v práci manažérov

Program Power Point od spoločnosti Microsoft, jeho funkcie a využitie. Vytvorenie prezentácie, formátovanie a uloženie prezentácie do OneDrive. PowerPoint Designer. Spustenie online prezentácie v PowerPointe cez Skype for Business. Zaznamenanie prezentácie s hovoreným komentárom a časovaním snímok.

Saved in:
Bibliographic Details
Main Author: Klapáková, Katarína
Other Authors: Krištanová, Anna, Ivaničková, Mariana, 1977-
Format: Book Chapter
Language:Slovak
Subjects:
Tags: Add Tag
No Tags, Be the first to tag this record!

MARC

LEADER 00000naa$a2200000$$$4500
001 0271713
005 20240502074303.0
041 0 |a slo 
044 |a SK 
245 1 0 |a Možnosti využitia prezentačného programu MS Power Point v práci manažérov  |c Katarína Klapáková, Anna Krištanová, Mariana Ivaničková 
520 |a Program Power Point od spoločnosti Microsoft, jeho funkcie a využitie. Vytvorenie prezentácie, formátovanie a uloženie prezentácie do OneDrive. PowerPoint Designer. Spustenie online prezentácie v PowerPointe cez Skype for Business. Zaznamenanie prezentácie s hovoreným komentárom a časovaním snímok. 
610 2 0 |a prezentácia 
610 2 0 |a informatika 
610 2 0 |a programy počítačové 
610 2 0 |a počítače 
100 1 |a Klapáková, Katarína 
700 1 |a Krištanová, Anna 
700 1 |a Ivaničková, Mariana, 1977-